| 000 | 00611nam a2200145Ia 4500 | ||
|---|---|---|---|
| 999 |
_c27016 _d27016 |
||
| 041 | _aEnglish | ||
| 082 | _aRS.0801 | ||
| 100 |
_aSankaraiah, T. _uDepartment of Econometrics, Sri Venkateswara University |
||
| 245 | 0 |
_aSocio-economic development of women through self help groups in Rayalaseema region of Andhra Pradesh : _ba case study of scheduled castes and scheduled tribes / _cT. Sankaraiah |
|
| 260 |
_aNew Delhi : _bIndian Council of Social Science Research, _c2017 |
||
| 300 | _aV.P. | ||
| 650 |
_aSocio-economic development _zIndia _zAndhra Pradesh |
||
| 650 | _aeconomic development | ||
| 942 |
_2ddc _cBK |
||